000 00649nam a2200229 i 4500
001 14977
003 ES-MaACL
005 20250806085358.0
007 t|
008 991123s1994 sp ||||1| spa d
020 _a84-7101-156-5
080 _a616-089(075.8)
245 0 0 _aTratado de cirugía /
_cdirector J. L. Balibrea Cantero.
260 _aMadrid :
_bMarbán,
_c1994.
300 _a3 v. :
_bil. col. y n. ;
_c27 cm.
500 _aIndices.
504 _aBibliografía.
650 0 7 _aCirugía
_2embne
_911050
700 1 _aBalibrea Cantero, J.L.
_924937
852 _aES-MaACL
_jL-22111-13
_bR.127420
999 _c14977
_d14977